| 000 | 00426cam a2200181ua 4500 | ||
|---|---|---|---|
| 020 | _c1.00 | ||
| 041 |
_ahin _h |
||
| 082 |
_a891.54 _bDER/HI |
||
| 100 | _aDerendra, Varma . | ||
| 245 |
_aHindi basha aur lipi / _cDerendra Varma. _hTextual Documents |
||
| 250 |
_a12 / _b. |
||
| 260 |
_a : _bHindustani Academy , _c1962. |
||
| 300 | _a80 ; . | ||
| 365 | _a1.00 | ||
| 504 | _a | ||
| 942 | _cBK | ||
| 999 |
_c6373 _d6373 |
||